000 00634nam a2200205 i 4500
001 64394
003 ES-MaACL
005 20250315062548.0
007 t|
008 031224s1963 sp ||||1| spa d
100 1 _aFoix, J. V. (
_d1894-1987)
_951423
245 1 0 _aAntología lírica /
_cJ.V. Foix ; estudios, selección y versión de Enrique Badosa.
260 _aMadrid :
_bRialp,
_c1963.
300 _a128 p. ;
_c18 cm.
490 1 _aAdonais ;
_v212-213
700 0 _aBadosa, Enrique,
_d1927-2021
_924566
830 0 0 _aAdonáis
_v212-213
_9173743
852 _aES-MaACL
_jC-34276
_bR.64487
999 _c64394
_d64394